| 000 -ლიდერი |
| ფიქსირებული სიგრძის საკონტროლო ველი |
01688nam a22002417a 4500 |
| 003 - საკონტროლო ნომრის იდენტიფიკატორი |
| საკონტროლო ველი |
Ge_BSU |
| 005 - ბოლო ოპერაციის თარიღი და დრო |
| საკონტროლო ველი |
20220602110941.0 |
| 008 - ფიქსირებული სიგრძის მონაცემთა ელემენტები - ზოგადი ინფორმაცია |
| ფიქსირებული სიგრძის საკონტროლო ველი |
220602s2020 ge ||||| |||| 00| 0 geo d |
| 020 ## - წიგნის საერთაშორისო სტანდარტული ნომერი |
| International Standard Book Number |
9789941468964 |
| 041 ## - ენის კოდი |
| Language code of text/sound track or separate title |
geo |
| 080 ## - უნივერსალური ათობითი კლასიფიკაციის ინდექსი |
| Universal Decimal Classification number |
811.124 შ-48 |
| 100 ## - მთავარი ჩანაწერი - პიროვნების სახელი |
| Personal name |
შენგელია, ირაკლი |
| 9 (RLIN) |
13945 |
| 245 ## - ცნობა სათაურის შესახებ |
| Title |
ხალხური ლათინური ენა = Sermo Vulgaris Latinus / |
| Statement of responsibility, etc |
ირაკლი შენგელია; რედაქტორი: ქეთევან აბესაძე; მთარგმნელ-რედაქტორები: მანანა ფხაკაძე, თამარ ჭეიშვილი; ივანე ჯავახიშვილის სახელობის თბილისის სახელმწიფო უნივერსიტეტი. კლასიკური ფილოლოგიის, ბიზანტინისტიკისა და ნეოგრეცისტიკის ინსტიტუტი. |
| 264 ## - წარმოების, გამოცემის, დისტრიბუციის და სხვა ცნობები |
| გამოცემის, წარმოების, დისტრიბუციის... ადგილი |
თბილისი: |
| გამოცემის, წარმოების, დისტრიბუციის... სახელწოდება |
ლოგოსი, |
| გამოცემის, წარმოების, დისტრიბუციის... თარიღი |
2020. |
| 300 ## - ფიზიკური აღწერა |
| Extent |
358 გვ. |
| Other physical details |
21 სმ. |
| 501 ## - შენიშვნა თანმხლებ მასალაზე |
| With note |
სიტყვატა საძიებელი გვ. 347-358 |
| 504 ## - BIBLIOGRAPHY, ETC. NOTE |
| Bibliography, etc |
ბიბლ. გვ. 335-346 |
| 653 ## - INDEX TERM--UNCONTROLLED |
| Uncontrolled term |
ლათინური ენა |
| 700 ## - ADDED ENTRY--PERSONAL NAME |
| Personal name |
აბესაძე, ქეთევან |
| Relator term |
რედაქტორი |
| 9 (RLIN) |
3446 |
| 700 ## - ADDED ENTRY--PERSONAL NAME |
| Personal name |
ფხაკაძე, მანანა |
| Relator term |
მთარგმნელ-რედაქტორი |
| 9 (RLIN) |
8375 |
| 700 ## - ADDED ENTRY--PERSONAL NAME |
| Personal name |
ჭეიშვილი, თამარ |
| Relator term |
მთარგმნელ-რედაქტორი |
| 9 (RLIN) |
10070 |
| 942 ## - ADDED ENTRY ELEMENTS (KOHA) |
| Source of classification or shelving scheme |
|
| Koha item type |
წიგნი |